000 01049nam a22002895i 4500
001 18731
003 ES-MaACL
005 20231222184032.0
007 t|
008 020308s1993 sp ||||0| spa j
020 _a84-7173-226-2
080 _a860 Baroja, Pío 1.06
080 _a820.09
100 1 _aLecuona Lerchundi, Lourdes.
_971127
245 1 0 _aPresencia de lo inglés en Pío Baroja /
_cLourdes Lecuona Lerchundi ; (prólogo de Julio Caro Baroja).
260 _aDonostia :
_bSociedad Guipuzcoana de Ediciones y Publicaciones,
_c1993.
300 _a403 p ;
_c24 cm.
490 1 _aColección "Monografías" ;
_v36
504 _aBibliografía: p. [399]-403.
600 1 4 _aBaroja, Pío,
_d1872-1956-
_xInfluencia inglesa
_925758
650 1 4 _aLiteratura inglesa-
_xInfluencia.
_914629
700 1 _aCaro Baroja, Julio,
_d1914-1995
_935403
710 2 _aInstituto Dr. Camino de Historia Donostiarra.
_95025
830 0 _aColección "Monografías" ;
_v36
_9183203
852 _aES-MaACL
_jL-25308
999 _c18731
_d18731